[Event "AAI GM"]
[Site "New Delhi IND"]
[Date "2011.06.22"]
[Round "1"]
[White "Hou, Yifan"]
[Black "Laznicka, Viktor"]
[Result "0-1"]
[WhiteTitle "GM"]
[BlackTitle "GM"]
[WhiteElo "2612"]
[BlackElo "2681"]
[WhiteFideId "8602980"]
[BlackFideId "316385"]
[EventDate "2011.06.22"]

1. e4 c6 2. d4 d5 3. Nc3 dxe4 4. Nxe4 Bf5 5. Ng3 Bg6 6. h4 h6 7. Nf3 Nd7 8. h5
Bh7 9. Bd3 Bxd3 10. Qxd3 e6 11. Bf4 Qa5+ 12. Bd2 Bb4 13. c3 Be7 14. c4 Qc7 15.
O-O-O Ngf6 16. Rhe1 O-O 17. Nf5 Bd6 18. Nxd6 Qxd6 19. Qe2 b5 20. g4 bxc4 21. g5
hxg5 22. Rg1 c3 23. Bxc3 Nd5 24. Bd2 f6 25. h6 gxh6 26. Rde1 Rf7 27. Rh1 Rh7 28.
Rh2 Kg7 29. Rg1 Rah8 30. Qe4 Nf8 31. Re1 Ng6 32. Qxe6 Qxe6 33. Rxe6 Rc8 34. Rh1
Kf7 35. Re2 Re8 36. Kd1 Rxe2 37. Kxe2 g4 38. Nh2 f5 39. Rc1 Nge7 40. Rc5 Ke6 41.
b4 h5 42. Ra5 Nc8 43. Rc5 Kd6 44. b5 Nce7 45. bxc6 Nxc6 46. Kd3 Re7 47. Kc4 Nb6+
48. Kd3 Nd5 49. Kc4 Nb6+ 50. Kd3 Rf7 51. Bf4+ Kd7 52. d5 Nb4+ 53. Kd4 N4xd5 54.
Rxd5+ Nxd5 55. Kxd5 Re7 56. Be5 Re6 57. a3 Ra6 58. Bb2 Ra5+ 59. Kd4 Ke6 60. Nf1
Rb5 61. Bc3 Rb1 62. Nd2 h4 63. Ba5 Rc1 64. Nc4 h3 65. Bc7 Rc2 0-1

[Event "AAI GM"]
[Site "New Delhi IND"]
[Date "2011.06.24"]
[Round "3"]
[White "Sasikiran, Krishnan"]
[Black "Laznicka, Viktor"]
[Result "1-0"]
[WhiteTitle "GM"]
[BlackTitle "GM"]
[WhiteElo "2676"]
[BlackElo "2681"]
[WhiteFideId "5004985"]
[BlackFideId "316385"]
[EventDate "2011.06.22"]

1. d4 d5 2. c4 e6 3. Nf3 Nf6 4. g3 Bb4+ 5. Bd2 Be7 6. Bg2 c6 7. Qc2 O-O 8. O-O
Nbd7 9. Rd1 b6 10. b3 Ba6 11. Bf4 Rc8 12. Nc3 Re8 13. e4 dxc4 14. Nd2 b5 15.
bxc4 bxc4 16. Bf1 Nb6 17. a4 Bb4 18. a5 Nbd7 19. Bxc4 Bb5 20. Qb3 Bxc3 21. Qxc3
Nd5 22. Qf3 Nxf4 23. Qxf4 Qe7 24. e5 f6 25. Rac1 Red8 26. Qe3 Nf8 27. exf6 Qxf6
28. Ne4 Qe7 29. Bb3 Kh8 30. Ng5 Re8 31. Rc5 h6 32. Nf3 Nd7 33. Ne5 Nxe5 34. Rxe5
Rcd8 35. Qe4 Qf7 36. Re1 Rf8 37. Qe3 Rd6 38. Bxe6 Qc7 39. Rh5 Rf6 40. Bb3 Rd8
41. Bc2 Bc4 42. d5 Qf7 43. Qe4 g5 44. Qd4 Kg7 45. Qxc4 Qxh5 46. Qd3 Qf3 47. Qh7+
Kf8 48. Qh8+ Kf7 49. Qh7+ Kf8 50. Qe7+ Kg8 51. Rf1 Rxd5 52. Bh7+ Kh8 53. Be4 Rd7
54. Qe5 Rd5 55. Qe7 Rd7 56. Qxd7 Qxe4 57. Qxa7 h5 58. Rd1 Rf8 59. Qc5 Rf5 60.
Qc3+ Kg8 61. Ra1 h4 62. Qe3 Qd5 63. Qe8+ Kg7 64. Re1 h3 65. Re7+ Kf6 66. Qf8+
Kg6 67. Rg7+ Kh5 68. Qh8+ Kg4 69. Qh4+ Kf3 70. Qh5+ Ke4 71. Qe2+ Kd4 72. Rd7 1-0

[Event "AAI GM"]
[Site "New Delhi IND"]
[Date "2011.06.30"]
[Round "8"]
[White "Laznicka, Viktor"]
[Black "Sasikiran, Krishnan"]
[Result "0-1"]
[WhiteTitle "GM"]
[BlackTitle "GM"]
[WhiteElo "2681"]
[BlackElo "2676"]
[WhiteFideId "316385"]
[BlackFideId "5004985"]
[EventDate "2011.06.22"]

1. d4 Nf6 2. c4 e6 3. Nf3 b6 4. g3 Ba6 5. b3 d5 6. Bg2 Bb4+ 7. Bd2 Be7 8. cxd5
exd5 9. Nc3 O-O 10. O-O Re8 11. Rc1 Bb7 12. Bf4 Na6 13. Ne5 c5 14. Nb5 Ne4 15.
dxc5 Bxc5 16. Nd3 Qd7 17. a4 Re7 18. Qe1 g5 19. Be5 d4 20. f3 Rae8 21. fxe4 Rxe5
22. Nxe5 Rxe5 23. Kh1 Bxe4 24. Bxe4 Rxe4 25. Qd2 h6 26. Rf2 Nb4 27. Rcf1 Re7 28.
Rf6 Qd5+ 29. R1f3 g4 30. Rf5 gxf3 0-1

[Event "AAI GM"]
[Site "New Delhi IND"]
[Date "2011.07.02"]
[Round "10"]
[White "Hou, Yifan"]
[Black "Sasikiran, Krishnan"]
[Result "1/2-1/2"]
[WhiteTitle "GM"]
[BlackTitle "GM"]
[WhiteElo "2612"]
[BlackElo "2676"]
[WhiteFideId "8602980"]
[BlackFideId "5004985"]
[EventDate "2011.06.22"]

1. e4 e5 2. Nf3 Nc6 3. Bb5 a6 4. Ba4 Nf6 5. O-O Be7 6. Re1 b5 7. Bb3 d6 8. c3
O-O 9. h3 Nb8 10. d4 Nbd7 11. Nbd2 Bb7 12. Bc2 Re8 13. Nf1 Bf8 14. Ng3 g6 15. a4
Bg7 16. Bd3 c6 17. Bg5 Nf8 18. Qd2 Ne6 19. Be3 Nd7 20. b4 Qc7 21. Rec1 Red8 22.
Bf1 Rac8 23. axb5 axb5 24. d5 cxd5 25. exd5 Nf4 26. c4 Nf6 27. Bxf4 exf4 28.
Qxf4 bxc4 29. Bxc4 Qb6 30. Qd2 Rc7 31. Bb3 Rdc8 32. Rxc7 Qxc7 33. Ra7 Qc1+ 34.
Qxc1 Rxc1+ 35. Kh2 Bxd5 36. Bxd5 Nxd5 37. Ne4 Bf8 38. Ra5 Nc7 39. Nf6+ Kg7 40.
Nd5 Nxd5 41. Rxd5 Rb1 42. Rb5 Rb2 43. Kg3 Kf6 44. Ng5 Be7 45. Nxh7+ Ke6 46. Ng5+
Bxg5 47. Rxg5 Rxb4 48. h4 d5 49. h5 gxh5 1/2-1/2